[Event "Reunion op 10th"]
[Site "St Denis"]
[Date "2008.10.18"]
[Round "9"]
[White "Lorans, Maxime"]
[Black "Cazal, Julian"]
[Result "0-1"]
[WhiteElo "1130"]
[BlackElo "1010"]
[PlyCount "20"]
[EventDate "2008.10.11"]
[EventType "swiss"]
[EventRounds "9"]
[EventCountry "RUF"]
[SourceTitle "EXT 2009"]
[Source "ChessBase"]
[SourceDate "2008.11.26"]
[SourceVersion "1"]
[SourceVersionDate "2008.11.26"]
[SourceQuality "1"]

1. e4 Nc6 2. Nf3 Nf6 3. Nc3 e5 4. d4 Bd6 5. Bc4 0-0 6. Bg5 exd4 7. Nxd4 Re8 8. Qd3 Qe7 9. 0-0 Qe5 10. Bxf6 Qxh2# 0-1

[Event "Reunion op 10th"]
[Site "St Denis"]
[Date "2008.10.16"]
[Round "7"]
[White "Deschamps, Antoine"]
[Black "Lorans, Maxime"]
[Result "1-0"]
[WhiteElo "1499"]
[BlackElo "1130"]
[PlyCount "53"]
[EventDate "2008.10.11"]
[EventType "swiss"]
[EventRounds "9"]
[EventCountry "RUF"]
[SourceTitle "EXT 2009"]
[Source "ChessBase"]
[SourceDate "2008.11.26"]
[SourceVersion "1"]
[SourceVersionDate "2008.11.26"]
[SourceQuality "1"]

1. d4 d5 2. Nc3 Nf6 3. Nf3 Bf5 4. e3 e6 5. Bb5+ Nbd7 6. Bd2 c6 7. Bf1 Nb6 8. b3 Bb4 9. g3 Ne4 10. Nxe4 Bxd2+ 11. Nfxd2 Bxe4 12. Nxe4 dxe4 13. Bg2 Qd5 14. 0-0 0-0 15. c4 Qa5 16. Bxe4 f5 17. Bf3 Qc3 18. Qe2 Rad8 19. Rfc1 Qb4 20. c5 Nd5 21. Qf1 Qd2 22. Rd1 Nxe3 23. Rxd2 Nxf1 24. Kxf1 b6 25. cxb6 axb6 26. Bxc6 Rc8 27. Rc1 1-0